Why do crabs walk sideways? / (Record no. 47730)
| 000 -LEADER | |
|---|---|
| fixed length control field | 00378nam a2200133 4500 |
| 020 ## - INTERNATIONAL STANDARD BOOK NUMBER | |
| International Standard Book Number | 9781848106161 |
| 100 ## - MAIN ENTRY--PERSONAL NAME | |
| Personal name | Claybourne, Anna |
| 245 ## - TITLE STATEMENT | |
| Title | Why do crabs walk sideways? / |
| Statement of responsibility, etc | Anna Claybourne |
| 260 ## - PUBLICATION, DISTRIBUTION, ETC. (IMPRINT) | |
| Place of publication, distribution, etc | UK |
| Name of publisher, distributor, etc | Miles Kelly Publishing |
| Date of publication, distribution, etc | 2012 |
| 300 ## - PHYSICAL DESCRIPTION | |
| Extent | 32 p. |
| Other physical details | col. ill. |
| Dimensions | 30 cm. |
| 490 ## - SERIES STATEMENT | |
| Series statement | First questions and answers |
| 650 ## - SUBJECT ADDED ENTRY--TOPICAL TERM | |
| Topical term or geographic name as entry element | Seashore Life |
| 9 (RLIN) | 85561 |
| 942 ## - ADDED ENTRY ELEMENTS (KOHA) | |
| Source of classification or shelving scheme | |
| Koha item type | Book |
| Withdrawn status | Lost status | Source of classification or shelving scheme | Damaged status | Not for loan | Collection code | Home library | Current library | Shelving location | Date acquired | Total Checkouts | Full call number | Barcode | Date last seen | Date checked out | Price effective from | Koha item type |
|---|---|---|---|---|---|---|---|---|---|---|---|---|---|---|---|---|
| TEACHERS' RESOURCES | Asian Hope Primary Library | Asian Hope Primary Library | Non Fiction | 11/04/2024 | 2 | 577.699 CLA | 204712 | 11/28/2025 | 09/12/2025 | 11/04/2024 | Book |